1602 1530 1708 1698 1984 1864 1962 1741 1992 1466 1574 1648 1078 1274 1538 1631 1342 1165 1760 1723 1304 1189 1251 1378 1171 1114 1143 1653 1560 1472 1476 1236 1263 1869 1266 1766 1178 1837 1885 1673 1058 1801 1549 1424 1381 1206 2000 1676 1845 1286 1136 1682 1005 1746 1733 1947 1205 1993 1200 1863 1314 1438 1511 1576 1659 1466 1914 1110 1666 1810 1274 1189 1503 1233 1599 1284 1164 1226 1837 1030 1665 1290 1644 1497 1257 1708 1063 1010 1079 1269 1340 1592 1276 1179 1622 1608 1706 1865 1299 BCNSPRNW ULIB Ver.6.0+V

เปลี่ยนเป็นภาษาไทย

Change to English
 แสดงรายละเอียดบรรณานุกรม
  กลับหน้าหลัก

Brief Record : Get Marc (ISO 2709) : E-mail record : QR code < ปิดหน้าต่าง
LEADER : 00000nam 2200000uu 4500
001    13399113610
003     ULIB
008    111207s2551||||th 000 0 tha d
020    ^a9789747519198
090    ^aนว.^bL271ร 2551
100 0  ^aLucky
245 00 ^aรักนี้ ตราบสิ้นกาลเวลา/^cLucky
250    ^aพิมพ์ครั้งที่ 1
260    ^aกรุงเทพฯ :^bSugar Beat,^c2551
300    ^a368 หน้า
710 1  ^aSugar Beat
945    ^p240^l0^i15043
995    ^aทศพร
999 ^a ทศพร
รายการนี้ยังไม่มีแท็ก
คุณยังไม่ได้ล็อกอิน คุณสามารถมีกิจกรรมร่วมกับเว็บไซต์ได้ แต่ต้องล็อกอินก่อน ::
  ล็อกอิน

รายการสื่อสารสนเทศ

ลำดับที่ ประเภท เลขเรียก/บาร์โค้ด สถานที่ สถานะ
1. นวนิยาย
นวนิยาย
นว. L271ร 2551 ฉ.1 
  Barcode: 15043
ห้องสมุดวิทยาเขตสวรรค์ประชารักษ์
►นวนิยาย
บนชั้น
  ขอยืม

รายการใกล้เคียง
    ผู้แต่ง [Lucky]

BibComment


ยังไม่เคยถูกคอมเมนท์

คอมเมนท์ทรัพยากรรายการนี้
  คอมเมนท์: รักนี้ ตราบสิ้นก..


 Copyright 2026. Bcnsprnw @Library